Zbojník Jakub Surovec a jeho družina

Bibliographic Details
Main Author: Kufčák, Emil, 1928- (Author)
Format: Article
Language:Slovak
Subjects:

MARC

LEADER 00000naa a2200000 ar4500
001 vtls009334938
003 SK-MaSNL
005 20260426023530.0
008 080917|1965 xo g||||| 000 1|slo
015 |a SNBRA2008/09  |2 svkbbbg 
038 |a SNKBUCL 
038 |a SVKBBBG 
040 |a SVKBBBG  |b slo  |c SVKBBBG  |e AACR2 
041 1 |a slo 
044 |a xo  |c SK 
072 7 |a 94(437)  |x Dejiny Česka a Slovenska  |2 konspekt 
080 |a 94(437.6)"16/17"  |2 2001 
080 |a 929 Surovec, Jakub  |2 2001 
080 |a 394(437.6)"16/17"  |2 2001 
080 |a 398.1(437.6)"16/17"  |2 2001 
100 1 |a Kufčák, Emil,  |d 1928-  |4 aut.  |9 220254 
245 1 0 |a Zbojník Jakub Surovec a jeho družina  |c Emil Kufčák 
500 |a Jakub Surovec, člen Jánošíkovej družiny, narodený okolo roku 1715 v Tisovci, odsúdený a popravený v Brezne 11. októbra 1740. 
504 |a Bibliogr. odkazy 
600 1 7 |a Surovec, Jakub,  |d asi 1715-1740  |2 svkbbbg  |9 203680 
648 7 |a 17.-18. stor.  |2 svkbbbg  |9 289778 
650 0 7 |a zbojníci  |2 svkbbbg  |9 51650 
650 0 7 |a zbojníctvo  |2 svkbbbg  |9 589409 
650 0 7 |a zbojnícke tradície  |2 svkbbbg  |9 834015 
651 7 |a Slovensko  |2 svkbbbg  |9 14231 
651 7 |a Tisovec (Slovensko)  |2 svkbbbg  |9 31510 
651 7 |a Brezno (Slovensko)  |2 svkbbbg  |9 31403 
773 0 |t Historický sborník kraja 2  |d Banská Bystrica : Stredoslovenské vydavateľstvo, 1965  |g S. 117-128 
852 |a SVKBB  |b KIS3GCP 
958 |a NB 
999 |c 1345895  |d 1347825